<?xml version="1.0" encoding="UTF-8"?>
<record
    xmlns:xsi="http://www.w3.org/2001/XMLSchema-instance"
    xsi:schemaLocation="http://www.loc.gov/MARC21/slim http://www.loc.gov/standards/marcxml/schema/MARC21slim.xsd"
    xmlns="http://www.loc.gov/MARC21/slim">

  <leader>01427nam a2200373 i 4500</leader>
  <controlfield tag="001">198018</controlfield>
  <controlfield tag="003">ES-MaACL</controlfield>
  <controlfield tag="005">20260526180131.0</controlfield>
  <controlfield tag="007">ta</controlfield>
  <controlfield tag="008">251217s2009    mx            001 0cspa c</controlfield>
  <datafield tag="020" ind1=" " ind2=" ">
    <subfield code="a">978-607-457-025-0</subfield>
  </datafield>
  <datafield tag="040" ind1=" " ind2=" ">
    <subfield code="a">ES-MaACL</subfield>
    <subfield code="b">spa</subfield>
    <subfield code="c">ES-MaACL</subfield>
    <subfield code="e">rda</subfield>
  </datafield>
  <datafield tag="100" ind1="1" ind2=" ">
    <subfield code="a">S&#xE1;nchez Sorondo, Gabriel</subfield>
    <subfield code="9">242641</subfield>
    <subfield code="4">aut</subfield>
    <subfield code="e">aut</subfield>
  </datafield>
  <datafield tag="245" ind1="1" ind2="0">
    <subfield code="a">Diego Rivera y Frida Kahlo :</subfield>
    <subfield code="b">el amor entre el elefante y la paloma /</subfield>
    <subfield code="c">Gabriel S&#xE1;nchez Sorondo</subfield>
  </datafield>
  <datafield tag="250" ind1=" " ind2=" ">
    <subfield code="a">S&#xE9;ptima reimpresi&#xF3;n: junio de 2016</subfield>
  </datafield>
  <datafield tag="264" ind1=" " ind2="1">
    <subfield code="a">M&#xE9;xico ;</subfield>
    <subfield code="a">Miami ;</subfield>
    <subfield code="a">Buenos Aires :</subfield>
    <subfield code="b">L.D. Books,</subfield>
    <subfield code="c">2016</subfield>
  </datafield>
  <datafield tag="300" ind1=" " ind2=" ">
    <subfield code="a">162 p&#xE1;ginas ;</subfield>
    <subfield code="c">21 cm</subfield>
  </datafield>
  <datafield tag="336" ind1=" " ind2=" ">
    <subfield code="2">rdacontent</subfield>
    <subfield code="a">texto</subfield>
  </datafield>
  <datafield tag="337" ind1=" " ind2=" ">
    <subfield code="2">rdamedia</subfield>
    <subfield code="a">sin mediaci&#xF3;n</subfield>
  </datafield>
  <datafield tag="338" ind1=" " ind2=" ">
    <subfield code="2">rdacarrier</subfield>
    <subfield code="a">volumen</subfield>
  </datafield>
  <datafield tag="490" ind1="0" ind2=" ">
    <subfield code="a">Grandes amores de la historia</subfield>
  </datafield>
  <datafield tag="504" ind1=" " ind2=" ">
    <subfield code="a">Bibliograf&#xED;a: p&#xE1;ginas 161-162. &#xCD;ndice</subfield>
  </datafield>
  <datafield tag="600" ind1="1" ind2="0">
    <subfield code="a">Kahlo, Frida,</subfield>
    <subfield code="d">1907-1954</subfield>
    <subfield code="9">243138</subfield>
  </datafield>
  <datafield tag="600" ind1="1" ind2="1">
    <subfield code="a">Rivera, Diego (</subfield>
    <subfield code="d">1886-1957)</subfield>
    <subfield code="9">97610</subfield>
  </datafield>
  <datafield tag="650" ind1="0" ind2="1">
    <subfield code="a">Cartas</subfield>
    <subfield code="9">242643</subfield>
  </datafield>
  <datafield tag="650" ind1="0" ind2="1">
    <subfield code="a">Amor en la literatura</subfield>
    <subfield code="9">242644</subfield>
  </datafield>
  <datafield tag="650" ind1="0" ind2="1">
    <subfield code="a">Mexicanos (Biografias)</subfield>
    <subfield code="9">242645</subfield>
  </datafield>
  <datafield tag="650" ind1="0" ind2="1">
    <subfield code="a">Biografias (Iberoamerica)</subfield>
    <subfield code="9">242646</subfield>
  </datafield>
  <datafield tag="852" ind1=" " ind2=" ">
    <subfield code="a">ES-MaACL</subfield>
    <subfield code="c">DEPO1</subfield>
    <subfield code="j">A-15970</subfield>
    <subfield code="h">Donaci&#xF3;n: Jos&#xE9; L&#xE1;zaro Garc&#xED;a</subfield>
    <subfield code="x">Encuadernaci&#xF3;n r&#xFA;stica con solapas</subfield>
  </datafield>
  <datafield tag="942" ind1=" " ind2=" ">
    <subfield code="c">MONOGRAFIA</subfield>
    <subfield code="n">0</subfield>
  </datafield>
  <datafield tag="999" ind1=" " ind2=" ">
    <subfield code="c">198018</subfield>
    <subfield code="d">198018</subfield>
  </datafield>
  <datafield tag="952" ind1=" " ind2=" ">
    <subfield code="0">0</subfield>
    <subfield code="1">0</subfield>
    <subfield code="2">udc</subfield>
    <subfield code="4">0</subfield>
    <subfield code="7">0</subfield>
    <subfield code="a">ATENEOM</subfield>
    <subfield code="b">ATENEOM</subfield>
    <subfield code="c">DEPO1</subfield>
    <subfield code="d">2025-12-17</subfield>
    <subfield code="e">DONACION</subfield>
    <subfield code="l">0</subfield>
    <subfield code="o">A-15970</subfield>
    <subfield code="p">2026-0112</subfield>
    <subfield code="r">2026-03-05 00:00:00</subfield>
    <subfield code="w">2026-03-05</subfield>
    <subfield code="y">MONOGRAFIA</subfield>
  </datafield>
</record>
